| Поле | Инд. | ПП | Название | Значение |
|---|---|---|---|---|
| Тип записи | a | |||
| Библиографический уровень | m | |||
| 001 | Контрольный номер | 8252433434d746faa4fc9d8893235111 | ||
| 005 | Дата корректировки | 20250213162200.9 | ||
| 010 | a | ISBN | 978-5-406-10327-2 | |
| 101 | 0_ | a | Язык текста | rus |
| 102 | a | Страна публикации | RU | |
| 200 | 1_ | a | Заглавие | Жилищное право |
| b | Общее обозначение материала | Текст | ||
| e | Сведения, относящиеся к заглавию | учебник | ||
| f | Первые сведения об ответственности | под ред. Е.С. Якимовой | ||
| 210 | 1_ | a | Место издания | Москва |
| c | Издательство | Кнорус | ||
| d | Дата издания | 2023 | ||
| 215 | a | Объем | 298 с | |
| 225 | 2_ | a | Серия | Бакалавриат |
| 606 | a | Основная рубрика | Право. Юридические науки | |
| x | Основная подрубрика | Гражданское и торговое право | ||
| x | Основная подрубрика | Жилищное право | ||
| 702 | _1 | a | Фамилия | Якимова |
| b | Имя | Е.С. | ||
| g | Полное личное имя | Якимова Е.С., под ред. | ||
| 801 | _0 | a | Страна | RU |
| b | Организация | РГУП | ||
| c | Дата составления | 20240617 | ||
| g | Правила каталогизации | PSBO | ||
| 801 | _1 | a | Страна | RU |
| b | Организация | РГУП | ||
| c | Дата составления | 20240617 | ||
| g | Правила каталогизации | PSBO | ||
| 856 | 4_ | u | URL | https://book.ru/books/945178 |
| 901 | t | Тип документа | m | |
| 905 | a | Дата ввода | 20240617 | |
| 952 | c | Вид литературы | учебник | |
| j | Специальность | С-СПД |